<?xml version="1.0" encoding="UTF-8"?>
<collection xmlns="http://www.loc.gov/MARC21/slim">
 <record>
  <leader>00379pamaa2200133   4500</leader>
  <controlfield tag="001">0000021142</controlfield>
  <controlfield tag="005">20060815090000.0</controlfield>
  <datafield tag="020" ind1="0" ind2="0">
   <subfield code="a">0330309404 (pbk) </subfield>
  </datafield>
  <datafield tag="082" ind1=" " ind2=" ">
   <subfield code="a">791.4372 MCE 1983</subfield>
  </datafield>
  <datafield tag="090" ind1="0" ind2="0">
   <subfield code="a">PR6063.C4 </subfield>
   <subfield code="b">MCE 1983</subfield>
  </datafield>
  <datafield tag="100" ind1="1" ind2="0">
   <subfield code="a">MCEWAN </subfield>
  </datafield>
  <datafield tag="245" ind1="1" ind2="2">
   <subfield code="a">A move abroad : </subfield>
   <subfield code="b">or shall we die? and the ploughman's lunch  </subfield>
   <subfield code="c">Ian McEwan.</subfield>
  </datafield>
  <datafield tag="260" ind1="0" ind2="0">
   <subfield code="a">London: </subfield>
   <subfield code="b">Picador, </subfield>
   <subfield code="c">1983.</subfield>
  </datafield>
  <datafield tag="300" ind1=" " ind2=" ">
   <subfield code="a">xxvi, 118p.; </subfield>
   <subfield code="c">20cm.</subfield>
  </datafield>
 </record>
</collection>
